Uncertain glory / (Record no. 170493)

MARC details
000 -LEADER
fixed length control field 00541nam a2200181 4500
005 - DATE AND TIME OF LATEST TRANSACTION
control field 20191216171652.0
010 ## - LCCN (DPL NO)
LC control number ENG-127160
020 ## - INTERNATIONAL STANDARD BOOK NUMBER
International Standard Book Number 9788178245508
Terms of availability 395.00
035 ## - SYSTEM CONTROL NUMBER
System control number EN-110692
037 ## - SOURCE OF ACQUISITION
Source of stock number/acquisition DBAD/PUB
082 ## - DEWEY DECIMAL CLASSIFICATION NUMBER
Classification number 808.838
100 ## - MAIN ENTRY--PERSONAL NAME
Personal name Sales, Joan
245 ## - TITLE STATEMENT
Title Uncertain glory /
Statement of responsibility, etc by Joan Sales
260 ## - PUBLICATION, DISTRIBUTION, ETC. (IMPRINT)
Place of publication, distribution, etc Ranikhet
Name of publisher, distributor, etc Permanent Black
Date of publication, distribution, etc 2014
270 ## - ADDRESS
Address Himalayana, Mall Road, Ranikhet Cantt
City Ranikhet
Postal code 263645
Electronic mail address perblack@gmail.com
300 ## - PHYSICAL DESCRIPTION
Extent vi;457p .
Dimensions 21cm(pbk)
942 ## - ADDED ENTRY ELEMENTS (KOHA)
Source of classification or shelving scheme Dewey Decimal Classification
Item type English Books
Classification part 808.838
Call number suffix SAL
Holdings
Withdrawn status Lost status Not for loan Collection code Home library Current library Date acquired Source of acquisition Cost, normal purchase price Full call number Barcode Copy number Cost, replacement price Koha item type
      Non-fiction Ashok Vihar Ashok Vihar 16/12/2019 DBAD/PUB 395.00 808.838 SAL EN-110692 1 395.00 English Books

© Delhi Public Library
Hit Counter
free hit counter